My Little Pony: list every character - Statistics

General Stats
  • This quiz has been taken 243 times
    229 since last reset
  • The average score is 58 of 191
Answer Stats
ponies % Correct
Pinkie Pie
98%
Applejack
97%
Fluttershy
97%
Rainbow Dash
97%
Rarity
97%
Twilight Sparkle
96%
Princess Celestia
88%
Princess Luna
88%
Spike
84%
Apple Bloom
83%
Shining Armor
82%
Princess Cadance
81%
Big McIntosh
80%
Discord
79%
Granny Smith
78%
Sweetie Belle
75%
Scootaloo
72%
Starlight Glimmer
67%
Queen Chrysalis
66%
Trixie
64%
Diamond Tiara
63%
Maud Pie
63%
Sunset Shimmer
61%
Angel
58%
Flurry Heart
58%
Silver Spoon
57%
Nightmare Moon
55%
Bon Bon
52%
Cozy Glow
50%
Derpy
50%
King Sombra
50%
Tank
50%
Zecora
50%
Lord Tirek
49%
Babs Seed
48%
Gummy
48%
Snips
48%
Lyra Hearthstrings
47%
Mr. Carrot Cake
47%
Snails
47%
Mrs. Cup Cake
45%
Zephyr Breeze
45%
Pear Butter
44%
Limestone Pie
43%
Winona
43%
Cheese Sandwich
42%
Flam
41%
Flim
41%
Thorax
41%
Cheerilee
39%
DJ Pon-3
39%
Marble Pie
39%
Spitfire
39%
Starswirl
39%
Daring Do
38%
Octavia Melody
37%
Bright McIntosh
36%
Coloratura
36%
Opalescence
36%
Owlowiscious
36%
Photo Finish
36%
Pound Cake
36%
Mr. Shy
35%
Mrs. Shy
35%
Fancy Pants
34%
Night Light
34%
Pumpkin Cake
32%
Yona
32%
Sunburst
31%
Twilight Velvet
31%
Mayor Mare
30%
Pipsqueak
30%
Prince Blueblood
30%
Flash Sentry
29%
Gilda
29%
Soarin
29%
Braeburn
27%
Dr. Whooves
27%
Filthy Rich
27%
Cloudy Quartz
26%
Daybreaker
26%
Ember
26%
Igneous Rock
26%
Uncle Orange
26%
Auntie Applesauce
25%
Golden Delicious
25%
Moon Dancer
25%
Windy Whistles
24%
Apple Fritter
23%
Featherweight
23%
Fleur de Lis
23%
Gabby
23%
Grand Pear
23%
Sandbar
23%
Stygian
23%
Aunt Orange
22%
Grogar
22%
Sapphire Shores
22%
Rockhoof
21%
Storm King
21%
Apple Rose
20%
Apple Strudel
20%
Bow Hothoof
20%
Caramel Apple
20%
Cookie Crumbles
20%
Flash Magnus
20%
Fleetfoot
20%
Hondo Flanks
20%
Mistmane
20%
Ocellus
20%
Roseluck
20%
Somnambula
20%
Sugar Belle
20%
Aloe
19%
Gallus
19%
Goldie Delicious
19%
Hoity Toity
19%
Minuette
19%
Spoiled Rich
19%
Bulk Biceps
18%
Cranky Doodle
18%
Lightning Dust
18%
Matilda
18%
Philomena
18%
Prince Rutherford
18%
Silverstream
18%
Smolder
18%
Tempest Shadow
18%
Apple Bumpkin
17%
Cherry Jubilee
17%
Daisy
17%
Iron Will
17%
Mage Meadowbrook
16%
Tree Hugger
16%
Apple Cider
15%
Apple Tart
15%
Coco Pommel
15%
Joe
15%
Red Delicious
15%
Rumble
15%
Sassy Saddles
15%
Nurse Redheart
14%
Queen Novo
14%
Thunderlane
14%
Ahuizotl
13%
Garble
13%
Golden Harvest
13%
Pharynx
13%
Trenderhoof
13%
Dr. Caballeron
12%
Lemon Hearts
12%
Lily Valley
12%
Misty Fly
12%
Princess Skystar
12%
Red Gala
12%
Twinkle Shine
12%
Vapor Trail
12%
Half Baked Apples
11%
Party Favor
11%
Tender Taps
11%
Autumn Blaze
10%
Double Diamond
10%
Mudbriar
10%
Sky Stinger
10%
Apple Cinnamon Crisp
9%
Junebug
9%
Little Strongheart
9%
Lotus Blossom
9%
Prim Hemline
9%
Steven Magnet
9%
Svengallop
9%
Berryshine
8%
Cloud Chaser
8%
Mare Do Well
8%
Angel Wings
7%
Apple Brioche
7%
Apple Honey
7%
Baked Apples
7%
Chancellor Neighsay
7%
Chief Thunderhooves
7%
Dr. Horse
7%
Gladmane
7%
Jet Set
7%
Luster Dawn
7%
Ms. Harshwhinny
7%
Peachy Sweet
7%
Sheriff Silverstar
7%
Shoeshine
7%
Zesty Gourmand
7%
Upper Crust
6%
Rain Shine
4%
No matching quizzes found
Score Distribution
Percent of People with Each Score
Percentile by Number Answered
Your Score History
You have not taken this quiz since the last reset